<?xml version="1.0" encoding="UTF-8"?>
<record
    xmlns:xsi="http://www.w3.org/2001/XMLSchema-instance"
    xsi:schemaLocation="http://www.loc.gov/MARC21/slim http://www.loc.gov/standards/marcxml/schema/MARC21slim.xsd"
    xmlns="http://www.loc.gov/MARC21/slim">

  <leader>00776nam a22002417a 4500</leader>
  <datafield tag="999" ind1=" " ind2=" ">
    <subfield code="c">107499</subfield>
    <subfield code="d">107499</subfield>
  </datafield>
  <controlfield tag="005">20200220154524.0</controlfield>
  <datafield tag="010" ind1=" " ind2=" ">
    <subfield code="a">A-556124</subfield>
  </datafield>
  <datafield tag="020" ind1=" " ind2=" ">
    <subfield code="c">110.00</subfield>
  </datafield>
  <datafield tag="035" ind1=" " ind2=" ">
    <subfield code="a">A-556124</subfield>
  </datafield>
  <datafield tag="037" ind1=" " ind2=" ">
    <subfield code="b">Cen Lib/Ret</subfield>
  </datafield>
  <datafield tag="082" ind1=" " ind2=" ">
    <subfield code="a">&#x6A9;</subfield>
    <subfield code="b">&#x645; &#x634; &#x631; </subfield>
  </datafield>
  <datafield tag="100" ind1=" " ind2=" ">
    <subfield code="a">&#x645;&#x634;&#x631;&#x651;&#x641; &#x639;&#x627;&#x644;&#x645; &#x630;&#x648;&#x642;&#x6CC; </subfield>
  </datafield>
  <datafield tag="245" ind1=" " ind2=" ">
    <subfield code="a">&#x628;&#x6BE;&#x648;&#x6A9;&#x627; &#x627;&#x6CC;&#x62A;&#x6BE;&#x648;&#x67E;&#x6CC;&#x627; /</subfield>
    <subfield code="c">&#x645;&#x634;&#x631;&#x651;&#x641; &#x639;&#x627;&#x644;&#x645; &#x630;&#x648;&#x642;&#x6CC; </subfield>
  </datafield>
  <datafield tag="246" ind1=" " ind2=" ">
    <subfield code="a">Bhooka ethopiya /</subfield>
    <subfield code="b">by Mushrraf Alam Zoqi </subfield>
  </datafield>
  <datafield tag="260" ind1=" " ind2=" ">
    <subfield code="b">&#x62A;&#x62E;&#x644;&#x6CC;&#x6A9;&#x631; &#x67E;&#x628;&#x644;&#x634;&#x631;&#x633;</subfield>
    <subfield code="a">&#x646;&#x6CC;&#x6CC; &#x62F;&#x6C1;&#x644;&#x6CC; </subfield>
    <subfield code="c">1993 &#x621;</subfield>
  </datafield>
  <datafield tag="270" ind1=" " ind2=" ">
    <subfield code="b">&#x646;&#x6CC;&#x6CC; &#x62F;&#x6C1;&#x644;&#x6CC; </subfield>
    <subfield code="a">&#x661;&#x667;&#x667;&#x669;&#x60C; &#x6A9;&#x686;&#x6C1; &#x62F;&#x6A9;&#x6BE;&#x646;&#x6CC; &#x631;&#x6C1;&#x6D2; &#x62F;&#x631;&#x6CC;&#x627;&#x6AF;&#x646;&#x62C; </subfield>
    <subfield code="e">110002</subfield>
  </datafield>
  <datafield tag="300" ind1=" " ind2=" ">
    <subfield code="a">304p.</subfield>
    <subfield code="c">21cm(Hb)</subfield>
  </datafield>
  <datafield tag="650" ind1=" " ind2=" ">
    <subfield code="a">&#x627;&#x631;&#x62F;&#x648; &#x627;&#x62F;&#x628; </subfield>
  </datafield>
  <datafield tag="650" ind1=" " ind2=" ">
    <subfield code="a">&#x627;&#x631;&#x62F;&#x648; &#x627;&#x641;&#x633;&#x627;&#x646;&#x6D2;     </subfield>
  </datafield>
  <datafield tag="650" ind1=" " ind2=" ">
    <subfield code="a">Urdu literature </subfield>
  </datafield>
  <datafield tag="650" ind1=" " ind2=" ">
    <subfield code="a">Urdu  stories </subfield>
  </datafield>
  <datafield tag="942" ind1=" " ind2=" ">
    <subfield code="2">ddc</subfield>
    <subfield code="c">UR</subfield>
    <subfield code="h">&#x6A9;</subfield>
    <subfield code="m">&#x645; &#x634; &#x631; </subfield>
  </datafield>
  <datafield tag="952" ind1=" " ind2=" ">
    <subfield code="0">0</subfield>
    <subfield code="1">0</subfield>
    <subfield code="4">0</subfield>
    <subfield code="7">0</subfield>
    <subfield code="a">L</subfield>
    <subfield code="b">L</subfield>
    <subfield code="d">2016-01-08</subfield>
    <subfield code="e">Cen Lib/Ret</subfield>
    <subfield code="g">110.00</subfield>
    <subfield code="l">0</subfield>
    <subfield code="o">&#x6A9; &#x645; &#x634; &#x631;</subfield>
    <subfield code="p">A-556124</subfield>
    <subfield code="r">2016-01-08 00:00:00</subfield>
    <subfield code="t">1</subfield>
    <subfield code="v">110.00</subfield>
    <subfield code="w">2016-01-08</subfield>
    <subfield code="y">UR</subfield>
  </datafield>
</record>
